000 00639nam a2200217 i 4500
001 105713
003 ES-MaACL
007 t|
008 060810s1958 ag ||||1| spa d
080 _a821.134.2(82)-31"19"
100 1 _aArias, Abelardo.
_922739
245 1 0 _aAlamos talados /
_cAbelardo Arias.
250 _a4ª ed. corr.
260 _aBuenos Aires :
_bTirso,
_c[1958]
300 _a180 p. ;
_c20 cm.
490 1 _aLa novela universal. Nuestras raíces
500 _aBiblioteca Juan Andrade.
830 0 _aLa novela universal. Nuestras raíces
_9232764
852 _aES-MaACL
_jAND-529
_bR.109829
999 _c105713
_d105713